| 000 | 00788nam a2200157 a 4500 | ||
|---|---|---|---|
| 999 |
_c3539 _d3539 |
||
| 020 | _a1904994687 (hardcover) | ||
| 020 | _a9781904994688 (hardcover) | ||
| 245 | 0 | 0 | _aGuinness world records 2012. |
| 250 | _aRevised edition. | ||
| 260 |
_a[S.l.] : _bGuinness World Records Limited,, _c2011. |
||
| 300 | _a1 v. (unpaged) ; | ||
| 520 | _aDiscover 1000s of new and classic records in GWR 2012. Get on your marks for the London Olympics and marvel at the International Space Station. See over 900 new eye-popping photos, watch 30 Records come alive with Augmented Reality technology, discover hundreds of bite-sized facts and a stunning 3D jacket design in one amazing. | ||
| 650 | _aWorld records | ||
| 856 | 4 | 0 | _uhttp://www.amazon.com/exec/obidos/ASIN/1904994687/chopaconline-20 |
| 942 | _cBK | ||